MARC details
| 000 -LÍDER |
| campo de controle de tamanho fixo |
01333nam a2200337 4500 |
| 001 - NÚMERO DE CONTROLE |
| campo de controle |
157 |
| 003 - IDENTIFICADOR DO NÚMERO DE CONTROLE |
| campo de controle |
OSt |
| 005 - DATA E HORÁRIO DA ÚLTIMA TRANSAÇÃO |
| campo de controle |
20250528074013.0 |
| 008 - CAMPO DE DADOS FIXOS--INFORMAÇÃO GERAL |
| campo de controle de tamanho fixo |
250129b |||||||g |||| 00| 1 eng d |
| 020 ## - ISBN - INTERNATIONAL STANDARD BOOK NUMBER |
| ISBN - International Standard Book Number |
8501038709 |
| 040 ## - FONTE DA CATALOGAÇÃO |
| Idioma da catalogação |
por |
| 041 ## - CÓDIGO DE IDIOMA |
| Código do idioma do original e/ou traduções intermediárias do texto |
eng |
| Código do idioma do texto/trilha sonora ou título diferente |
por |
| 082 ## - CDD - CLASSIFICAÇÃO DECIMAL DE DEWEY |
| Número de Classificação |
813 |
| Número do exemplar |
C587so |
| 100 1# - ENTRADA PRINCIPAL--NOME PESSOAL |
| Nome pessoal |
Clancy, Tom, |
| Datas associadas ao nome |
1947-2013 |
| 9 (RLIN) |
294 |
| 240 ## - TÍTULO UNIFORME |
| Título uniforme |
The sum of all fears |
| 245 ## - TÍTULO |
| Título |
A soma de todos os medos / |
| Indicação de responsabilidade, etc. |
Clancy, Tom ; Tradução de A. B. Pinheiro de Lemos |
| 260 ## - PUBLICAÇÃO, DISTRIBUIÇÃO, ETC. |
| Local de publicação, distribuição, etc. |
Rio de Janeiro |
| Nome do editor, distribuidor, etc. |
Record |
| Data da publicação, distribuição, etc. |
1993 |
| 300 ## - DESCRIÇÃO FÍSICA |
| Extensão |
893 p. |
| 490 1# - TÍTULO DA SÉRIE |
| Título da série |
Tom Clancy´s Jack Ryan |
| Número do volume ou designação sequencial da série |
Livro 08 |
| 520 ## - NOTA DE RESUMO, ETC. |
| Resumo, etc. |
O enredo de A soma de todos os medos se passa na Europa, no Oriente Médio, na ex-União Soviética e nos Estados Unidos. Jack Ryan, vice-diretor da CIA, desenvolve um plano para acabar com um novo conflito no Oriente Médio. Entre os seus inimigos está Liz Elliot, conselheira do presidente, e os terroristas árabes, que descobrem uma bomba atômica perdida e fazem planos surpreendentes.<br/> |
| 650 #0 - ASSUNTO--TERMO TÓPICO |
| Cabeçalho tópico ou nome geográfico |
Literatura Americana |
| 9 (RLIN) |
84 |
| 650 #0 - ASSUNTO--TERMO TÓPICO |
| Cabeçalho tópico ou nome geográfico |
Crime e Investigação |
| 9 (RLIN) |
13 |
| 650 #0 - ASSUNTO--TERMO TÓPICO |
| Cabeçalho tópico ou nome geográfico |
Ação |
| 9 (RLIN) |
64 |
| 650 #0 - ASSUNTO--TERMO TÓPICO |
| Cabeçalho tópico ou nome geográfico |
Suspense |
| 9 (RLIN) |
10 |
| 650 #0 - ASSUNTO--TERMO TÓPICO |
| Cabeçalho tópico ou nome geográfico |
Filme |
| 9 (RLIN) |
26 |
| 655 #0 - TERMO DE ÍNDICE--GÊNERO E FORMA |
| Gênero/forma/ou termo foco |
Romance |
| 655 #0 - TERMO DE ÍNDICE--GÊNERO E FORMA |
| Gênero/forma/ou termo foco |
Ficção |
| 700 ## - ENTRADA ADICIONADA - NOME PESSOAL |
| Nome pessoal |
A. B. Pinheiro de Lemos |
| Função do autor por extenso |
Tradutor |
| 9 (RLIN) |
109 |
| 830 ## - ENTRADA SECUNDÁRIA DE SÉRIE--TÍTULO UNIFORME |
| Título uniforme |
Tom Clancy´s Jack Ryan |
| Número do volume ou designação sequencial da série |
Livro 08 |
| 9 (RLIN) |
299 |
| 942 ## - ELEMENTOS DE ENTRADA ADICIONADOS (KOHA) |
| Fonte de classificação ou esquema de arquivamento |
Classificação decimal de Dewey |
| Ocultar no OPAC |
Não |
| Tipo de material Koha |
Livros |